000
00452nam a2200181Ia 4500
008
090124s9999 xx 000 0 und d
082
_b
17691
_a
5028
100
_a
देसाई रणजित
245
_a
मोहर
250
_a
1
260
_c
1969
300
_a
279
600
_a
देसाई रणजित
630
_a
मोहर
700
_a
देसाई रणजित
730
_a
मोहर
942
_c
BOOK
999
_c
131631
_d
131631